000 00641cam a22002292a 4500
001 008171
003 AR-FADEU
008 311216n1972####xxu####################dd
020 _a0-19-913095-7
092 _a330.942
_bB828
100 _aBreach, R. W.
245 _aBritish economy and society 1870-1970 : documents, descriptions, statistics
260 _aOxford
260 _bOxford University
260 _c1972
300 _a406 p. : cuad
500 _aIncludes: Appendix
700 _aR. M., Hartwell
650 _aECONOMIA-GRAN BRETAÑA; GRAN BRETAÑA-ECONOMIA; REINO UNIDO-ECONOMIA
546 _aInglés
942 _cBDGR
999 _c13984
_d13984